Top 100 Coaster europe - Statistics

General Stats
  • This quiz has been taken 95 times
    6 since last reset
  • The average score is 56 of 100
Answer Stats
Hint Answer % Correct
35 Abyssus
100%
16 Der Schwur des Karnan
100%
18 FLY
100%
12 Hyperion
100%
2 Ride to Happiness
100%
10 Taron
100%
6 Toutatis
100%
7 Voltron
100%
1 Zadra
100%
84 Anubis the Ride
75%
73 Baron 1898
75%
4 Batman Gotham City Escape
75%
76 Big Thunder Mountain
75%
29 Black mamba
75%
30 Colossos
75%
80 Dragon Khan
75%
13 Expedition GeForce
75%
34 Fenix
75%
19 Fonix
75%
74 Formula
75%
58 Fury
75%
82 Galactica
75%
32 Goliath
75%
43 Hals Uber Kopf
75%
11 Helix
75%
14 Hyperia
75%
72 Joris en de Draak
75%
9 Kondaa
75%
96 Krake
75%
59 Lost Gravity
75%
50 Mecalodon
75%
36 | 53 Monster
75%
47 Mystic
75%
79 Nemesis inferno
75%
21 Nemesis reborn
75%
60 Oblivion the Black Hole
75%
64 Shadows of Arkham
75%
42 Silver star
75%
46 Smiler
75%
38 Stealth
75%
33 Superman la Atraccion de Acero
75%
55 Swarm
75%
3 Taiga
75%
39 Troy
75%
5 Untamed
75%
48 Valkyria
75%
8 Wildfire
75%
27 Wodan
75%
86 Yoy
75%
49 Alpina Blitz
50%
77 Aquila
50%
25 Balder
50%
52 Blue Fire
50%
93 Desert Race
50%
44 Flucht von Novgorod
50%
51 Flug der Damonen
50%
69 Gold Rush
50%
41 Icon
50%
20 Ispeed
50%
63 Juvelen
50%
45 Karacho
50%
22 Katun
50%
17 Lech coaster
50%
99 Lynet
50%
81 Olympia looping
50%
26 Oziris
50%
23 Piraten
50%
70 Raptor
50%
89 Speed Monster
50%
83 Star trek Operation Enterprise
50%
67 | 71 Storm
50%
75 Wiener Looping
50%
62 Yukon Quad
50%
95 Colorado adventure
25%
57 Cu Chulainn
25%
100 Winja's Fear
25%
54 Dynamite
25%
56 El Toro
25%
37 Fianna Force
25%
40 Helios
25%
88 Inferno
25%
28 Mahuka
25%
31 Red Force
25%
65 Rutschebanen
25%
15 Shambhala
25%
91 Sik
25%
68 Stunt Fall
25%
78 Wood Express
25%
92 EulenBlitz
0%
24 Junker
0%
90 lisebergbanan
0%
94 Monte Coaster
0%
66 Shock
0%
87 Thunderbird
0%
98 Tornado
0%
97 Twister
0%
85 Werewolf
0%
61 Wickerman
0%
No matching quizzes found
Score Distribution
Percent of People with Each Score
Percentile by Number Answered
Your Score History
You have not taken this quiz since the last reset